000 00779nam a2200241 i 4500
001 128414
003 ES-MaACL
005 20240229183436.0
007 t|
008 070510s1972 sp ||||1| spa d
080 _a72.01
080 _a72(091)
100 1 _aTafuri, Manfredo.
_9109061
245 1 0 _aTeorías e historia de la arquitectura
_b: (hacia una nueva concepción del espacio arquitectónico) /
_cManfredo Tafuri ; [versión de Martí Capdevila y Sebastiá Janeras].
250 _a1ª ed.
260 _aBarcelona :
_bLaia,
_c[1972]
300 _a287 p. :
_bil. ;
_c21 cm.
650 1 4 _aArquitectura
_99986
700 1 _aCapdevila, Martí.
_934797
700 1 _aJaneras, Sebastiá.
_966010
852 _aES-MaACL
_jC-43801
_bR.82786
999 _c128414
_d128414